[Event "Shropshire Open"]
[Site "Telford"]
[Date "2024.01.14"]
[Round "5.13"]
[White "Conway-Lees, Joe"]
[Black "Berkley, Stephen"]
[Result "1-0"]
[WhiteElo "1859"]
[BlackElo "1790"]
[Annotator "Van Kemenade, Rudy"]
[PlyCount "35"]
[EventDate "2024.01.12"]
[EventType "swiss"]
[EventRounds "5"]
[EventCountry "ENG"]
[SourceTitle "BritBase"]
[Source "John Saunders"]
[SourceDate "2024.04.05"]
[SourceVersion "1"]
[SourceVersionDate "2024.04.05"]
[SourceQuality "1"]

1. e4 e6 2. d4 d5 3. Bd3 dxe4 4. Bxe4 Nf6 5. Bf3 Bd6 (5... c5 {main}) 6. Ne2
Nbd7 7. Nd2 (7. O-O {main, 49 % for Wh}) 7... O-O (7... e5 8. Ng3 O-O (8...
exd4 $15) 9. Nc4 $14 {Doluhanova-Bluebaum,GER ch tm Women 2022,1-0}) 8. Nc4 Be7
{3rd line SF16} (8... e5 9. Nxd6 cxd6 $14 {4-2-4}) 9. O-O $14 Nb6 10. Ne5 c5
11. Bf4 Nfd5 12. Bg3 cxd4 13. Qxd4 Nb4 (13... f6 14. Nc4 e5 15. Qe4 Qc7 $11 {
SF16}) 14. c3 $16 Qxd4 15. Nxd4 N4d5 16. c4 f6 17. cxd5 fxe5 18. Nxe6 (18. Nxe6
Rxf3 19. gxf3 Nxd5 20. Rfe1 Bxe6 21. Rxe5 Bf7 22. Rd1 a6 23. Rexd5 Bxd5 24.
Rxd5 Rd8 $11 {SF16}) (18. Bxe5 Nxd5 19. Rac1 Bg5 20. Rc5 Be7 21. Rcc1 Bg5 22.
Rcd1 $16 {SF16}) 1-0

[Event "Shropshire Open"]
[Site "Telford"]
[Date "2024.01.14"]
[Round "5.14"]
[White "Dooley, Max"]
[Black "Van Kemenade, Julie"]
[Result "1-0"]
[WhiteElo "1844"]
[BlackElo "1617"]
[Annotator "Van Kemenade, Rudy"]
[PlyCount "73"]
[EventDate "2024.01.12"]
[EventType "swiss"]
[EventRounds "5"]
[EventCountry "ENG"]
[SourceTitle "BritBase"]
[Source "John Saunders"]
[SourceDate "2024.04.05"]
[SourceVersion "1"]
[SourceVersionDate "2024.04.05"]
[SourceQuality "1"]

1. e4 d6 2. d4 Nf6 3. Nc3 c6 4. Bd3 (4. f4) (4. Nf3) (4. a4) 4... e5 5. dxe5 {
second most frequent} (5. Nge2) (5. Nf3) 5... dxe5 6. Nge2 (6. Nf3) (6. Bg5 {
main lines}) 6... Qc7 (6... Be6 {1-2-3}) 7. O-O Nbd7 (7... Be7 8. f4 Ng4 9. Qe1
b5 10. h3 Qb6+ 11. Kh1 h5 12. Nd1 $16 {Bodi-Gruz,HUN ch tm 2009,1-0}) 8. Ng3 g6
$11 (8... h5 9. h3 h4 10. Nf5 g6 11. Ne3 Be7 $11 {SF16}) 9. Qe2 Bg7 {Wh wanted
to play Kh1, but found himself holding the h pawn} (9... h5 {considered by Bl}
10. Be3 h4 11. Nh1 Nh5 12. h3 Bc5 $15 {SF16}) 10. h3 O-O 11. Be3 Re8 12. Rae1 (
12. Rad1 {more natural}) 12... Nf8 13. Qd2 Ne6 14. Nce2 c5 {weakens the wh
squares} (14... Nd7) (14... b5) (14... h5 {sf ideas}) 15. Bc4 (15. c4) 15... b6
(15... Nd4 16. c3 h5 17. Bh6 Nxe2+ 18. Rxe2 Be6 $11 {SF16}) 16. Bg5 (16. f4 Bb7
(16... exf4 17. Nxf4 Nd4 18. Nd5 Nxd5 19. Bxd5 Qxg3 20. Bf4 Qh4 21. Bxa8 Ba6
22. Bg5 Qh5 23. Bd5 Bxf1 24. Rxf1 Ne2+ 25. Kf2 (25. Kh2 Be5+ $19) 25... Nd4 26.
c3 h6 27. Bf4 Ne6 28. Kg1 $14) 17. f5 gxf5 18. exf5 Nd4 19. Rf2 Rad8 20. Qc1
Kh8 $11 {Sf16}) 16... Nxg5 (16... Rd8 17. Qe3 Nxg5 18. Qxg5 Bb7 $15 {SF16}) 17.
Qxg5 Be6 18. Bxe6 Rxe6 19. Nc3 a6 (19... Rd8) 20. Rd1 h6 (20... Rd8) 21. Qe3
Re7 (21... Rd8) 22. Qe2 (22. Nd5 Nxd5 23. Rxd5 Rd7 24. Rfd1 Rad8 25. Qa3 Rxd5 (
25... Qc8 26. Rxd7 Rxd7 27. Rxd7 Qxd7 28. Qxa6 Qd1+ 29. Nf1 Qxc2 30. Qxb6 Qxe4
31. Qxc5 Qb1 32. b4 $16) 26. Rxd5 Rxd5 27. exd5 Qd8 28. Qd3 Bf8 29. b3 b5 30.
c4 f5 31. cxb5 e4 32. Qc4 axb5 33. Qxb5 Qxd5 34. Nf1 Bg7 $11 {SF16}) 22... b5
23. a3 Rd8 (23... c4 $11) 24. Rxd8+ (24. a4 b4 25. Nd5 Nxd5 26. Rxd5 Rxd5 27.
exd5 Qd6 28. Rd1 f5 29. Nf1 e4 30. Ne3 Bd4 31. Nc4 Qd8 32. c3 bxc3 33. bxc3
Bxc3 34. Qe3 Bd4 35. Qxh6 Kf7 36. Rb1 $14 {Sf16}) 24... Qxd8 25. Re1 (25. Rd1 {
the open file}) 25... Rd7 26. Nf1 Ne8 $6 (26... Rd4 27. Ne3 Kh7 28. Qf3 h5 $11
{SF16}) (26... Kh7 $11) 27. Nd5 (27. a4 $16 Qb8 28. axb5 (28. b3 bxa4 29. Nxa4
Qb4 30. Ne3 (30. Qxa6 Qxe1) 30... Rd2 31. Qxa6 Nf6 32. Qc6 Rd6 (32... Nxe4 33.
Nc4 $18) 33. Qa8+ Kh7 34. Ra1 Qd4 35. Rd1 Qxe4 36. Qxe4 Nxe4 37. f3 Rxd1+ 38.
Nxd1 Nd6 39. Nxc5 $18) 28... axb5 29. Qxb5 Rb7 30. Qxc5 Bf8 31. Qc4 Rb4 32. Qc6
Rxb2 33. Nd5 Kg7 34. h4 $18 {SF16}) 27... Nc7 (27... Nf6 28. c4 bxc4 29. Nxf6+
Bxf6 30. Qxc4 Qb6 31. Qc2 Bg5 32. g3 h5 $11 {SF16}) 28. Nfe3 (28. Nxc7 Qxc7 29.
Ne3 c4 30. Nd5 $14 {the N is better placed than the B}) 28... Nxd5 (28... Ne6
$11) 29. Nxd5 f5 (29... c4 {gives the B some space to relocate} 30. a4 f5 31.
Rd1 Kh8 32. axb5 axb5 33. b3 cxb3 34. cxb3 b4 35. f3 $16) 30. f3 (30. c4 $16)
30... Bf8 (30... Kf7 {first, Bl's later idea, however} 31. c4 $18 {a good N vs
a bad B}) 31. c4 $18 Rb7 (31... bxc4 32. Qxc4 Kg7 33. Qxa6 $18) (31... fxe4 32.
fxe4 Rb7 33. Rf1 Bg7 34. b4 $18) 32. exf5 gxf5 33. Qxe5 bxc4 (33... Rf7 34. Qe6
Kg7 35. Qxa6 $18) 34. Nf6+ (34. Qxf5 Qg5 35. Qe6+ Kh8 36. Re4 c3 (36... Rxb2
37. Rg4) 37. bxc3 Qg3 38. Ne3 Rb1+ 39. Nf1 Qg8 40. Qxa6 $18 {SF16}) 34... Kf7 (
34... Kh8 35. Nd5+ Rg7 36. f4 (36. Qxf5 Rg5 37. Qf6+ Qxf6 38. Nxf6 Kg7 39. Nd7
Bd6 40. Nb6 Bg3 41. Re4 h5 42. Nxc4 Kf6 43. Kf1 $18) 36... a5 37. Qxf5 Rd7 38.
Qe5+ Bg7 39. Qh5 Bd4+ 40. Kf1 Kg7 41. Re8 Rxd5 42. Qg4+ Rg5 43. Qe6 Qxe8 44.
Qxe8 Rg6 45. Qd7+ Kg8 46. Qd5+ Kg7 47. Qxc4 $18 {SF16}) 35. Qe6+ Kg6 36. Ne8+
Kh7 37. Qxf5+ 1-0

[Event "Shropshire Open"]
[Site "Telford"]
[Date "2024.01.14"]
[Round "5.15"]
[White "Tarr, Stephen"]
[Black "Wastney, Dylan"]
[Result "0-1"]
[WhiteElo "1799"]
[BlackElo "1907"]
[Annotator "Van Kemenade, Rudy"]
[PlyCount "76"]
[EventDate "2024.01.12"]
[EventType "swiss"]
[EventRounds "5"]
[EventCountry "ENG"]
[SourceTitle "BritBase"]
[Source "John Saunders"]
[SourceDate "2024.04.05"]
[SourceVersion "1"]
[SourceVersionDate "2024.04.05"]
[SourceQuality "1"]

1. d4 Nf6 2. Bf4 d5 3. e3 Bf5 4. c4 (4. Nd2 e6 5. c4 c6 6. Qb3 Qb6 7. c5 Qxb3
8. axb3 Nbd7 9. b4 Nh5 10. Bg3 Nxg3 11. hxg3 Be7 {Tarr-Swajkun, 4NCL U1850,
Telford 2018,1/2-1/2}) 4... e6 (4... c6 5. Nc3 e6 6. Qb3 Qb6 7. c5 Qxb3 8. axb3
Nbd7 9. b4 Nh5 10. Bc7 Rc8 11. Bg3 Nxg3 12. hxg3 a6 13. Nf3 h6 {Tarr-Nicholson,
4NCL 2020,0-1}) 5. Nc3 a6 6. Qb3 b6 7. cxd5 (7. Nf3 Nc6 (7... Bd6 {4-1-1}) (
7... Be7 {5-1-1}) 8. Qa4 {7 Wh wins, 1 draw}) 7... exd5 (7... Nxd5 {2-0}) 8.
Nf3 $16 Be7 (8... Nc6 9. Rc1 Bb4 10. a3 Bxc3+ 11. Qxc3 Bd7 12. Ne5 Ne4 13. Nxc6
Nxc3 14. Nxd8 {Delgado Osorio-Gonzalez Regueiro , ESP ch U10, Banos de
Montemayor 2006,1-0}) (8... Bd6 9. Ne5 O-O 10. Be2 Nbd7 11. Nc6 Qe8 12. Bxd6
cxd6 13. Nxd5 {Traverso-Borgiani, Montevideo Duchamp cup 2023,1-0}) 9. Ne5 O-O
10. Be2 (10. g4 Be6 11. Bg2 $16 {SF16}) 10... c6 11. O-O Re8 12. Rac1 b5 13. a4
$16 Qb6 14. axb5 (14. Bf3 Be6 15. Ne2 $16 {SF16}) 14... axb5 15. Ra1 Nbd7 $11
16. Rxa8 Rxa8 17. e4 $2 (17. Nxd7 Bxd7 (17... Nxd7 18. Nxd5 $18) 18. Bd3 $11 {
SF16}) 17... Nxe5 18. dxe5 (18. Bxe5 Nxe4 19. Nxe4 Bxe4 $17 {SF16}) 18... Nxe4
19. Nxe4 Bxe4 $19 20. Rc1 Bc5 21. Bg3 Be7 22. Bg4 Rd8 23. Bf4 c5 24. Qe3 Bg6 (
24... Qg6 25. f3 Bf5 26. Bxf5 Qxf5 27. g4 Qg6 28. Qd2 d4 $19 {SF16}) 25. b4 (
25. e6 d4 26. exf7+ Kf8 27. Qf3 Bxf7 $19 {SF16}) 25... d4 26. bxc5 Bxc5 27. Qd2
b4 28. Bd1 b3 29. Bxb3 (29. Qb2 Ba3 30. Qxa3 b2 $19 {SF16}) 29... Ba3 $1 $19
30. Bg5 Rf8 31. Qa2 Bxc1 32. Bxc1 h6 (32... Rb8 33. Bc4 Qb1 34. Qd2 Rc8 $19 {
SF16}) 33. g3 Rb8 34. Bd5 Qb1 (34... Qb4 35. Bd2 Qb1+ {SF16}) 35. Qc4 d3 36.
Kg2 Rd8 37. Bf4 (37. Bd2 Qc2) 37... d2 38. Bxd2 Rxd5 0-1

[Event "Shropshire Major"]
[Site "Telford"]
[Date "2024.01.12"]
[Round "1.1"]
[White "Pugh, Glyn D"]
[Black "Shkivakumar, Akshath"]
[Result "0-1"]
[WhiteElo "1897"]
[BlackElo "1753"]
[Annotator "Van Kemenade, Rudy"]
[PlyCount "94"]
[EventDate "2024.01.12"]
[EventType "swiss"]
[EventRounds "5"]
[EventCountry "ENG"]
[SourceTitle "BritBase"]
[Source "John Saunders"]
[SourceDate "2024.04.05"]
[SourceVersion "1"]
[SourceVersionDate "2024.04.05"]
[SourceQuality "1"]

1. d4 f5 2. Nf3 Nf6 3. h3 e6 (3... d6) 4. g4 g6 (4... d5 {main}) 5. gxf5 (5.
Nc3 {3 draws}) 5... exf5 6. Nc3 (6. Bg5 Bg7 (6... h6 7. Bxf6 Qxf6 8. c3 Nc6 9.
h4 Bg7 10. Qb3 Ne7 $11 {Hillarp Persson-Ask, Vaxjo op 2023,1-0}) 7. c4 d6 8.
Nc3 h6 9. Bxf6 Qxf6 10. h4 {Davidow-Sek, POL ch tm, South Wisla 1998,1/2-1/2})
6... Bg7 7. Bg5 c6 8. Qd2 d5 9. O-O-O Qe7 10. h4 $16 h6 11. Bf4 (11. Ne5 hxg5
12. Nxg6 Ne4 13. Nxe7 Nxd2 14. Nxc8 Nxf1 15. Nd6+ Kd7 16. Nxf5 Bf6 17. Rhxf1
gxh4 18. e4 $16 {SF16}) 11... Ng4 12. e3 Nd7 13. Bh3 (13. Rg1 Ndf6 14. Ne5 Nxe5
15. Bxe5 Ne4 16. Nxe4 fxe4 17. Rxg6 Bxe5 18. dxe5 Qxe5 19. Qb4 $16 {SF16})
13... Ndf6 14. Be5 (14. Rdg1) 14... Ne4 15. Nxe4 dxe4 16. Bxg7 Qxg7 17. Bxg4
fxg4 18. Ne5 Bf5 (18... h5 19. Qb4 Rf8 $11 {SF16}) 19. h5 $16 g5 20. Rdg1 O-O-O
(20... O-O $14 {much safer}) 21. Qa5 b6 (21... Rhf8 22. Qxa7 Kc7 23. Qa5+ Kb8
24. Rg2 $18 {SF16}) 22. Qa6+ (22. Qa4 Rd6 23. Nxc6 Qb7 24. Nxa7+ Kb8 25. Qb4
Rf6 26. Nb5 $18 {SF16}) 22... Qb7 23. Qxb7+ (23. Qc4) 23... Kxb7 24. Nf7 $18
Be6 25. Nxh8 Rxh8 26. b3 Rf8 27. Rh2 b5 28. Kb2 (28. Kd2 Kc7 29. Ke2 $18 {
SF16-releases a R}) 28... Kb6 29. a3 (29. Rc1) 29... Rf3 30. Kc3 (30. c4 $18 {
SF16}) 30... a5 31. d5 cxd5 32. Kd4 Kc6 33. c4 {opening lines for the Rs is
the correct strategic idea, but Wh seems to have mistimed the break} (33. c3
Kd6 34. Rb1 Bd7 35. Rg2 Rh3 36. c4 $18 {SF16}) 33... bxc4 (33... dxc4) 34. bxc4
(34. Rc1 $14) 34... dxc4 35. Kxe4 (35. Rd1 Rf5 36. Rd2 a4 $11 {SF16}) 35... Rh3
(35... Kc5 $19 36. Rd1 (36. Ke5 Bd7 37. e4 c3 38. Rd1 Bc6 39. Rhh1 Rxf2 40.
Rhg1 Re2 41. Rxg4 c2 42. Rc1 Kc4 $19) 36... Rf5 37. Rd8 Rd5 38. Rf8 c3 {
SF16- the R on h2 is out of the game}) 36. Rxh3 gxh3 $11 {a distant extra
passed pawn often saves the game an exchange down, as the K gets out of play
in mopping it up} 37. Ke5 Bf7 38. Rh1 g4 39. Kf4 (39. f3 Bxh5 40. fxg4 Bxg4 41.
Kd4 Be6 42. e4 $11 {SF16}) 39... Bxh5 (39... Kb5 $19 {SF16}) 40. Kg3 (40. e4
Kd6 41. Rd1+ Kc6 42. Kg3 Bg6 43. Kxg4 Bxe4 44. Kxh3 Kb5 45. Kg3 Bd3 $11 46. Re1
Ka4 47. Re5 Kxa3 48. Rxa5+ Kb2 49. Kf4 c3 50. Rc5 h5 (50... c2 $2 51. Ke3 Bg6
52. Kd2 Kb3 53. f4 Kb4 54. f5 Bh7 55. Re5 Bg8 56. f6 h5 57. Re7 $18) 51. Ke3
Bf1 52. f4 h4 53. Kf2 Bd3 54. Ke3 Bf1 55. f5 h3 56. f6 c2 57. f7 h2 58. f8=Q
h1=Q 59. Qb8+ Kc1 60. Qf4 $11 {SF16- quite tricky to play for both sides})
40... Kd5 (40... Kb5 $19) 41. Rd1+ Kc5 42. Kh4 $2 (42. Rc1 Kd5 43. Rd1+ Kc5 44.
Rc1 $11 {SF16}) 42... Bf7 $19 43. Kxg4 Be6+ (43... c3 {also}) 44. Kg3 c3 45.
Kf4 c2 46. Rc1 Bb3 47. Ke5 Kc4 0-1

[Event "Shropshire Major"]
[Site "Telford"]
[Date "2024.01.12"]
[Round "1.2"]
[White "Rodger, Paul"]
[Black "Preece, Tony"]
[Result "1-0"]
[WhiteElo "1742"]
[BlackElo "1894"]
[Annotator "Van Kemenade, Rudy"]
[PlyCount "103"]
[EventDate "2024.01.12"]
[EventType "swiss"]
[EventRounds "5"]
[EventCountry "ENG"]
[SourceTitle "BritBase"]
[Source "John Saunders"]
[SourceDate "2024.04.05"]
[SourceVersion "1"]
[SourceVersionDate "2024.04.05"]
[SourceQuality "1"]

1. d4 e6 2. Nc3 Bb4 (2... d5) (2... Nf6 {main lines}) 3. Bd2 (3. e4) 3... f5 4.
Nf3 Nf6 5. e3 {a restrained setup by Wh, 29 games, 47% for Wh} b6 6. Bd3 Bb7 7.
O-O O-O 8. a3 Be7 $11 (8... Bxc3 $14 {1-0-2}) 9. b4 (9. Ne1 d6 10. f3 $15 {1-0}
) (9. Ne5 d6 10. Nf3 $11 {0-1}) 9... Qe8 (9... c5 $11 {SF16}) 10. Nb5 Bd8 11.
c4 Ne4 12. Be2 Rf6 13. Nc3 d6 14. Rc1 Rh6 15. d5 {Wh has to careful as Bl's
pieces are looking quite active} (15. Nxe4 fxe4 16. Ne1 e5 17. c5 $14 {SF16})
15... Nxd2 (15... c5) 16. Qxd2 (16. Nxd2 $16 {SF16-Wh keeps a space advantage})
16... e5 17. Qc2 Qh5 18. h3 Qg6 $11 19. Kh2 Nd7 20. g3 Qf7 21. Rh1 Bc8 22. Rcg1
Nf6 23. Kg2 Bd7 24. c5 $16 {with the K safe, Wh starts Qside operations} bxc5
25. bxc5 Kh8 26. Rd1 (26. c6 Bc8 27. Rb1 $16 (27. Ng5 Qe8 28. h4 $16 {SF16}))
26... Ne8 27. c6 Bc8 28. a4 (28. h4 $16 {SF16}) 28... g5 29. Bc4 Qg7 30. Rdg1 (
30. Rb1 $16 {SF16}) 30... Rg6 31. Kf1 g4 32. hxg4 Rxg4 33. Be2 Rb4 34. Nh4 (34.
Na2 Rg4 35. Nd2 Rg5 36. Nc3 Qf7 37. Qb3 $14 {SF16- though there does not seem
a way in for either side}) 34... Qf7 (34... Bxh4 35. Rxh4 Rxh4 36. gxh4 Qe7 37.
Bd3 Qxh4 (37... e4 38. Bc4 Rb8 39. Ke2 Qxh4 40. Rb1 Ra8 41. Rb3 Nf6 42. Nb5 f4
43. Nxc7 Bg4+ 44. Ke1 Rg8 45. Bf1 Bh3 46. Bxh3 Qxh3 47. Ne6 Qf3 48. Nxf4 Rg1+
49. Kd2 Qxf2+ 50. Kc3 Qxe3+ 51. Kb2 Qd4+ 52. Rc3 Rg8 53. Ka3 e3 $11) 38. Bxf5
Nf6 39. Bxc8 Rxc8 40. Qf5 Qc4+ 41. Ne2 Rf8 42. Qg5 Rf7 43. Qf5 Rf8 44. Qg5 $11
{SF16}) 35. Bd3 e4 36. Be2 Rab8 37. Ng2 Rb2 38. Qc1 Bf6 39. Nf4 $11 Ng7 (39...
R8b3 40. Nd1 Rb1 41. Qd2 Bc3 42. Qc2 Be5 43. Kg2 Nf6 44. Rh6 Kg8 45. Rgh1 Kf8
$11 {SF16}) 40. Kg2 $18 R8b3 41. Nb5 (41. Bd1 Rb4 42. Rh2 Kg8 43. Rgh1 h5 44.
Bxh5 Nxh5 45. Rxh5 $18 {SF16}) 41... a6 42. Nd4 (42. Na7 $1 $18 {SF16} Qe8 43.
Nxc8 Qxc8 44. Rh3 Kg8 45. Rgh1) 42... Bxd4 43. exd4 Ra2 $2 (43... e3 $14) 44.
Bc4 Rba3 45. Bxa2 Rxa2 46. Rh6 $18 Ne8 47. Rgh1 Nf6 48. Qc4 (48. Ng6+ Kg8 49.
Ne5 dxe5 50. Qg5+ Qg7 51. Qxf6 Qxf6 52. Rxf6 exd4 53. d6 cxd6 54. Rxd6 e3 55.
Rf1 $18 {SF16}) 48... Rb2 49. Qc3 Ra2 50. Qb3 Rd2 51. Qb8 Qf8 52. Ng6+ 1-0

[Event "Shropshire Major"]
[Site "Telford"]
[Date "2024.01.13"]
[Round "2.1"]
[White "Szwajkun, Richard"]
[Black "Rastall, Joe"]
[Result "0-1"]
[WhiteElo "1720"]
[BlackElo "1868"]
[Annotator "Van Kemenade, Rudy"]
[PlyCount "74"]
[EventDate "2024.01.12"]
[EventType "swiss"]
[EventRounds "5"]
[EventCountry "ENG"]
[SourceTitle "BritBase"]
[Source "John Saunders"]
[SourceDate "2024.04.05"]
[SourceVersion "1"]
[SourceVersionDate "2024.04.05"]
[SourceQuality "1"]

1. d4 Nf6 2. Nf3 g6 3. Bg5 Bg7 4. Nbd2 d5 5. e3 c6 (5... O-O 6. Bd3 Nbd7 7. O-O
c5 8. c3 b6 9. Re1 Bb7 10. e4 dxe4 11. Nxe4 cxd4 12. Nxd4 Rc8 13. Qe2 Re8 14.
Rad1 $14 {Szwajkun-Clegg, West Bromwich 4ncl Op-B; 2016,1/2-1/2}) 6. c4 O-O 7.
Bd3 Bf5 (7... Nbd7) (7... Bg4) 8. Qc2 (8. Bxf5 gxf5 $14 {2-1-2}) 8... e6 (8...
Bxd3 9. Qxd3 Nbd7 10. O-O e6 11. Rfd1 Qb6 12. c5 Qb5 13. Nb3 (13. Qxb5 cxb5 14.
a4 $16) 13... Qxd3 14. Rxd3 b6 $11 {Rios Filho-Limp, Rio de Janeiro state ch
2012,0-1}) 9. O-O Nbd7 (9... dxc4 10. Nxc4 Bxd3 11. Qxd3 c5 $11 {Sf16}) 10.
Rac1 Qb6 11. Bxf5 gxf5 (11... exf5 $14) 12. Bf4 (12. c5 Qb5 13. a4 Qb4 14. Bxf6
Bxf6 15. Ne1 Rfb8 16. Nd3 Qa5 17. b4 Qd8 18. Nf3 $16 {SF16-Wh has a space
advantage on both sides of the board}) 12... Nh5 13. Bd6 Rfe8 14. cxd5 (14. Ne5
$16) 14... cxd5 15. Qc7 Qb5 16. Qc3 (16. Rc3 Nhf6 17. Rb3 Qa6 18. Rc1 $16 {SF16
}) 16... Ndf6 (16... Nb6 17. Qc7 Rad8 18. h3 Rd7 19. Qc5 Qxc5 20. Bxc5 f4 21.
Kh2 Bf8 $11 {SF16}) 17. Qb3 (17. Qc7 $16) 17... Qd7 (17... Qxb3 18. Nxb3 Ne4
19. Ba3 Bf8 $11 {SF16}) 18. Be5 (18. Bc7) 18... Rec8 19. Rc3 Bh6 20. Bxf6 Nxf6
21. Ne5 (21. Rfc1 $11) 21... Qe7 22. Rfc1 Rxc3 23. Qxc3 f4 (23... Ne8 $11) 24.
exf4 Bxf4 25. Ndf3 $2 (25. Rc2 $14) 25... Bxc1 26. Qxc1 Ne4 $19 27. Qf4 Rc8 28.
h3 Qf6 29. Qg4+ Kh8 30. Qh5 Rc1+ 31. Kh2 Nxf2 (31... Rc2) 32. g3 Ne4 33. Nxf7+
Kg8 34. N7e5 Rc2+ 35. Kg1 Rc8 36. Kg2 Qg7 37. g4 Qc7 0-1

[Event "Shropshire Major"]
[Site "Telford"]
[Date "2024.01.13"]
[Round "2.2"]
[White "Raeburn, Andrew"]
[Black "Rodger, Paul"]
[Result "1-0"]
[WhiteElo "1861"]
[BlackElo "1742"]
[Annotator "Van Kemenade, Rudy"]
[PlyCount "99"]
[EventDate "2024.01.12"]
[EventType "swiss"]
[EventRounds "5"]
[EventCountry "ENG"]
[SourceTitle "BritBase"]
[Source "John Saunders"]
[SourceDate "2024.04.05"]
[SourceVersion "1"]
[SourceVersionDate "2024.04.05"]
[SourceQuality "1"]

1. e4 c5 2. Nf3 Nc6 3. Nc3 d6 4. d4 cxd4 5. Nxd4 Nf6 6. Bg5 e6 7. Be2 (7. Qd2 {
main}) 7... Be7 8. Qd2 h6 9. Be3 a6 10. Bf3 $146 (10. f4) (10. O-O) (10. O-O-O)
10... Bd7 (10... Ne5 11. Be2 Qc7 $15 {SF16}) 11. Nb3 (11. Nxc6 Bxc6 12. a4 Nd7
13. Be2 Nf6 14. f3 d5 $11 {Sf16}) 11... b5 $17 12. a3 Rc8 13. O-O Ne5 14. Be2
Nc4 15. Bxc4 Rxc4 $15 (15... bxc4 $17) 16. f3 Rc8 17. Qf2 Qc7 18. Rad1 d5 (
18... O-O $15) 19. Bb6 Qc6 20. e5 (20. Na5 Qd6 21. Rfe1 Qb8 22. exd5 O-O 23.
Bd4 $14 {SF16}) 20... Nh7 21. Be3 (21. Na5 Qxb6 22. Qxb6 Bc5+ 23. Qxc5 Rxc5 24.
Rd2 $14 {SF16}) 21... Bxa3 (21... O-O) 22. Na5 (22. bxa3 Qxc3 23. Bc5 Nf8 24.
f4 Ng6 25. Rfe1 $16 {SF16}) 22... Qa8 (22... Qc7 $11) 23. Nxd5 (23. bxa3 Rxc3
24. Bc5 $14) 23... exd5 24. bxa3 Ng5 (24... O-O $11) 25. Rd2 (25. Bc5 $18)
25... Bf5 26. h4 Ne6 27. g4 Bh7 28. f4 Rc3 (28... d4 29. Bxd4 Nxd4 30. Qxd4 O-O
$11 {SF16}) 29. f5 $18 Nd8 30. Nb3 (30. Bc5 $18) (30. Bd4 Rh3 31. Rd3 Rxd3 32.
cxd3 O-O 33. Rc1 $18 {SF16}) 30... O-O 31. Bd4 Rc4 32. Qg3 Nc6 33. g5 Nxd4 34.
Nxd4 Qa7 35. c3 (35. gxh6 {first}) 35... Rfc8 36. g6 (36. gxh6 {also}) 36...
Rxc3 37. gxh7+ (37. Qg4) 37... Kxh7 38. Rf3 Rc2 39. Qf2 Rxd2 40. Qxd2 Rc4 41.
Rd3 Qc7 42. Qe3 Qe7 43. Qg3 Rc1+ 44. Kh2 Rc4 45. Nf3 Qd7 46. e6 (46. Nd4) 46...
fxe6 47. Qg6+ Kh8 48. Qxe6 (48. fxe6) 48... Qc7+ 49. Kh3 Rc2 50. Ne5 (50. Qe8+
Kh7 51. Qg6+ Kh8 52. Re3) 1-0

[Event "Shropshire Major"]
[Site "Telford"]
[Date "2024.01.13"]
[Round "3.1"]
[White "Rastall, Joe"]
[Black "Neal, Toby"]
[Result "1-0"]
[WhiteElo "1868"]
[BlackElo "1784"]
[Annotator "Van Kemenade, Rudy"]
[PlyCount "45"]
[EventDate "2024.01.12"]
[EventType "swiss"]
[EventRounds "5"]
[EventCountry "ENG"]
[SourceTitle "BritBase"]
[Source "John Saunders"]
[SourceDate "2024.04.05"]
[SourceVersion "1"]
[SourceVersionDate "2024.04.05"]
[SourceQuality "1"]

1. e4 c5 2. Nc3 d6 3. Nf3 Nf6 4. d4 cxd4 5. Nxd4 g6 6. Be3 Bg7 7. f3 O-O 8. Qd2
Nc6 9. O-O-O (9. Bc4 {holds up Bl's next, but it's a matter of choice, Wh has
a plus score with both highly theorised lines}) 9... d5 10. Kb1 (10. exd5) (10.
Qe1 {main lines, though the text, 3rd in line, scores better than these two})
10... dxe4 $2 (10... Nxd4) (10... Rb8 {main lines}) 11. Nxc6 Qxd2 (11... Qc7
12. Nd4 $18 {3-1-2}) 12. Nxe7+ Kh8 13. Bxd2 {SF16} (13. Rxd2 {22 Wh wins, 2
draws}) 13... exf3 (13... Re8 14. Ned5 (14. Nxc8 Raxc8 15. Nxe4) 14... Nxd5 15.
Nxd5 Rd8 16. Ne3 Bh6 17. Bc4 exf3 18. Bc3+ {Mesa Crespo-Bracamonte, LA Paz
Fundacion 2017,1-0}) 14. Nxc8 (14. gxf3 Be6 15. Bb5 Rfd8 16. Bf4 $18 {
Dalipovic-Lienau, GER ch Schools tm U17,0-1}) 14... fxg2 15. Bxg2 Raxc8 16.
Bxb7 Rb8 17. Bf3 Nd7 18. h4 Ne5 19. Be2 h5 20. Bf4 Rb4 21. Nd5 (21. Rhf1) 21...
Rxb2+ 22. Kxb2 Nc4+ (22... Nd3+ 23. Ka3 Nxf4 24. Nxf4) 23. Kc1 1-0

[Event "Shropshire Major"]
[Site "Telford"]
[Date "2024.01.13"]
[Round "3.2"]
[White "Hankey, Chris"]
[Black "Raeburn, Andrew"]
[Result "1-0"]
[WhiteElo "1800"]
[BlackElo "1861"]
[Annotator "Van Kemenade, Rudy"]
[PlyCount "67"]
[EventDate "2024.01.12"]
[EventType "swiss"]
[EventRounds "5"]
[EventCountry "ENG"]
[SourceTitle "BritBase"]
[Source "John Saunders"]
[SourceDate "2024.04.05"]
[SourceVersion "1"]
[SourceVersionDate "2024.04.05"]
[SourceQuality "1"]

1. d4 Nf6 2. c4 g6 3. Nc3 Bg7 4. g3 d6 5. Bg2 c6 6. e4 O-O 7. Nge2 e5 8. f4 $17
{a bit early, 0-6} (8. O-O) (8. d5 {main lines}) 8... Qe7 $146 (8... exd4 {
SF16- 0-2}) 9. fxe5 dxe5 10. O-O $2 (10. d5 Qc5 $15) 10... Bg4 (10... exd4 11.
Qxd4 (11. Nxd4 Rd8 12. Rf2 Qc5 (12... c5 $19) 13. Rd2 Ng4 14. Nce2 Na6 15. h3
Ne5 16. a3 Nxc4 $19) 11... Ng4 12. Qd2 Qc5+ 13. Kh1 Nf2+ 14. Kg1 Nd3+ 15. Kh1
Qxc4 $19 {SF16}) 11. d5 Rd8 (11... Qc5+ 12. Rf2 Qxc4 13. h3 Bxe2 14. Qxe2 Qxe2
15. Rxe2 Rd8 16. Be3 $11 {SF16- though Bl may be able to make the pawn count
in the ending}) 12. Be3 $16 Na6 13. a3 Rac8 14. h3 (14. Bxa7) 14... Bxe2 15.
Qxe2 c5 (15... Nc5 16. Rad1 Nb3 17. Qf2 h6 18. Bxa7 $16 {SF16}) 16. Nb5 $18 (
16. h4 $18) (16. Rf2 $18) 16... b6 17. Qd2 Ne8 18. Rf2 Nd6 19. Nxd6 Rxd6 20.
Raf1 f6 21. h4 Nb8 22. Bh3 Rf8 (22... Rc7 $5) 23. b4 cxb4 24. axb4 Rdd8 25. c5
Qc7 26. d6 (26. h5) 26... Qc6 27. Be6+ Kh8 28. Qd5 (28. h5) 28... b5 29. Ra2
Qxd5 30. Bxd5 Rd7 31. Be6 Rfd8 32. Bxd7 Rxd7 33. Rfa1 a6 34. Rc1 (34. Rxa6) 1-0